Geschichte der neuern Philosophie / (Record no. 150765)

MARC details
000 -LEADER
campo de control de longitud fija 00897nam a2200193 i 4500
001 - NÚMERO DE CONTROL
campo de control 150765
003 - IDENTIFICADOR DE NÚMERO DE CONTROL
campo de control ES-MaACL
005 - FECHA Y HORA DE LA ÚLTIMA TRANSACCIÓN
campo de control 20250703063114.0
007 - CAMPO FIJO DE DESCRIPCIÓN FÍSICA--INFORMACIÓN GENERAL
campo de control de longitud fija t|
008 - DATOS DE LONGITUD FIJA--INFORMACIÓN GENERAL
campo de control de longitud fija 071108m18651877gw ||||1| ger d
100 1# - ENTRADA PRINCIPAL--NOMBRE DE PERSONA
Nombre de persona Fischer, Kuno,
Fechas asociadas al nombre 1824-1907
9 (RLIN) 51003
245 10 - MENCIÓN DEL TÍTULO
Título Geschichte der neuern Philosophie /
Mención de responsabilidad, etc. von Kuno Fischer.
250 ## - MENCION DE EDICION
Mención de edición Zweite völlig umgearbeitete auflage.
260 ## - PUBLICACIÓN, DISTRIBUCIÓN, ETC.
Lugar de publicación, distribución, etc. Mannheim :
Nombre del editor, distribuidor, etc. Friedrich Bassermann,
Fecha de publicación, distribución, etc. 1865-1877.
300 ## - DESCRIPCIÓN FÍSICA
Extensión 6 t. en 6 v. ;
Dimensiones 21 cm.
505 8# - NOTA DE CONTENIDO CON FORMATO
Nota de contenido con formato Contiene: T. 1. Descartes und seine Schule.- 2 vols. -- T. 2. Leibniz und seine Schule.- XL, 884 p. -- T. 3. Kant's Vernunftkritik und deren Entstehung.- XXXII, 638 p. -- T. 4. Kant's Enstem der seinem Bernunft.- XX, 666 p. -- T. 5. Fichte uns seine Borgèanger.- IX, 1084 p. -- T. 6. Friedrich Wilhelm Joseph Schelling.- 2 vols.
852 ## - LOCALIZACIÓN
Ubicación ES-MaACL
Número de control de estantería G-1198-205
Holdings
Estatus retirado Estado de pérdida Estado de daño No para préstamo Colección Biblioteca de origen Biblioteca actual Ubicación en estantería Fecha de adquisición Fuente de adquisición Total de préstamos Signatura topográfica completa Código de barras Visto por última vez Precio de reemplazo Tipo de ítem Koha
        Libros del s. XIX Biblioteca del Ateneo de Madrid Biblioteca del Ateneo de Madrid Depósito 2 17/01/2008     G-1198-205 1157314 23/02/2023 23/02/2023 Libro impreso antiguo